Normal view
MARC view
Entry Personal Name
001 - CONTROL NUMBER
- control field: 33445
003 - CONTROL NUMBER IDENTIFIER
- control field: dpl
005 - DATE AND TIME OF LATEST TRANSACTION
- control field: 20110823162328.0
008 - FIXED-LENGTH DATA ELEMENTS
- fixed length control field: 110823|||a|||||| | ||| d
040 ## - CATALOGING SOURCE
- Original cataloging agency: dpl
- Transcribing agency: dpl
100 ## - HEADING--PERSONAL NAME
- Personal name: सेगाल,ये.,इल्यीन,मि.
670 ## - SOURCE DATA FOUND
- Source citation: Work cat.: (dpl)2452: मि.इल्यीन,ये.सेगाल कृत मनुष्य महाबली कैसे बना/, 2004.
670 ## - SOURCE DATA FOUND
- Source citation: Work cat.: (dpl)2452: मि.इल्यीन,ये.सेगाल कृत मनुष्य महाबली कैसे बना/, 2004.
